German Cities with 5 or fewer letters and 150k+ pop (clues) - Statistics

General Stats
  • This quiz has been taken 45 times
  • The average score is 6 of 9
Answer Stats
Hint Answer % Correct
E Essen
97%
B Bonn
84%
K Kiel
74%
M Mainz
71%
Halle
58%
Hamm
58%
N Neuss
58%
H Hagen
50%
Herne
50%
No matching quizzes found
Score Distribution
Percent of People with Each Score
Percentile by Number Answered
Your Score History
You have not taken this quiz